| 000 | 00495nab a22001457a 4500 | ||
|---|---|---|---|
| 003 | ES-SlBC | ||
| 005 | 20210529140803.0 | ||
| 008 | 131030b xxu||||| |||| 00| 0 spa d | ||
| 040 |
_aES-SlBC _bspa |
||
| 041 | _aspa | ||
| 100 | 1 |
_aGómez Iglesias, Carlos _982272 |
|
| 245 | 1 | 4 |
_aLas problemáticas psicológicas y las crisis en el clero _b : una aproximación a su estudio _cCarlos Gómez Iglesias |
| 773 | 0 |
_gNº 28, 2012, p. 561-598 _tEstudios Mindonienses _wRev196 _x0210-4393 |
|
| 942 |
_2lcc _cAR |
||
| 999 |
_c448705 _d448705 |
||